Egyptian Gods by Picture - Statistics

General Stats
  • This quiz has been taken 68 times
  • The average score is 7 of 16
Answer Stats
Picture Answer % Correct
Osiris
91%
Isis
87%
Horus
80%
Set
76%
Thoth
67%
Sekhmet
55%
Amun
51%
Sobek
51%
Hathor
38%
Khnum
25%
Shu
22%
Tefnut
15%
Heqet
13%
Mut
9%
Imentet
2%
Wosret
0%
No matching quizzes found
Score Distribution
Percent of People with Each Score
Percentile by Number Answered
Your Score History
You have not taken this quiz